000 00592nam a2200229Ia 4500
003 OSt
005 20220924143424.0
006 a|||||r|||| 00| 0
007 ta
008 220923b |||||||| |||| 00| 0 urd d
024 _a308114
037 _cTextual
040 _aARTS
_cARTS
_burd
041 _2urd
_aurd
082 _aDelta73xK15, 168N2
100 _aShikoh Dara
_9215720
245 0 _aRah-e-huda tarjume risala-e-haqmuma
260 _c1992
650 _aSPIRurdALISM
942 _hDelta73xK15, 168N2
_cTEXL
_2CC
999 _c454409
_d454409